书目信息 |
| 题名: |
大学物理学第二册:热学
|
|
| 作者: | 张三慧 著 | |
| 分册: | ||
| 出版信息: | 北京 清华大学出版社 1999 |
|
| 页数: | 239页 | |
| 开本: | 20cm | |
| 丛书名: | ||
| 单 册: | ||
| 中图分类: | O55 | |
| 科图分类: | ||
| 主题词: | 热学 , 分子运动论 | |
| 电子资源: | ||
| ISBN: | 7-302-03485-0 | |
| 000 | 00564nam0 2200205 450 | |
| 001 | 0732828906 | |
| 005 | 20070903090708.90 | |
| 010 | @a7-302-03485-0@d¥9.50 | |
| 100 | @a20070903d km y0chiy0120 ea | |
| 101 | 0 | @achi |
| 200 | 1 | @a大学物理学第二册:热学@Ada xue wu li xue di er ce:re xue@f张三慧著@Fzhang san hui zhu |
| 205 | @a2版 | |
| 210 | @a北京@c清华大学出版社@d1999 | |
| 215 | @a239页@d20cm | |
| 606 | 0 | @a热学 |
| 606 | 0 | @a分子运动论 |
| 690 | @aO55@v3 | |
| 701 | 0 | @a张三慧@Azhang san hui@4著 |
| 801 | 0 | @aCN@bPFT@c20070903 |
| 905 | @a213230@dO55@eS4@f1 | |
| 大学物理学第二册:热学/张三慧著.-2版.-北京:清华大学出版社,1999 |
| 239页;20cm |
| ISBN 7-302-03485-0:¥9.50 |
| ● |
| 相关链接 |
|
|
|
|
正题名:大学物理学第二册:热学
索取号:O55/S4
 
预约/预借
| 序号 | 登录号 | 条形码 | 馆藏地/架位号 | 状态 | 备注 |
| 1 | 6703275 | 267032757 | 密集书库-数信学院/ [索取号:O55/S4] | 在馆 |